|
|
|
|
| LEADER |
00000cam a2200000 a 4500 |
| 001 |
vtls001430266 |
| 003 |
SK-MaSNL |
| 005 |
20260301013200.0 |
| 008 |
240226s1956 xo f np 000 0 slo |
| 015 |
|
|
|a SNBA1956
|
| 020 |
|
|
|q (viazané)
|
| 035 |
|
|
|a SNK000385290
|
| 035 |
|
|
|a urn:nbn:sk:snk-am3hyg0
|
| 035 |
|
|
|a CF55F5F3-CEEE-4AF6-8018-B9D525689946
|
| 035 |
|
|
|a urn:nbn:sk:snk-am00ddgd
|
| 040 |
|
|
|a SNK
|b slo
|c SNK
|e AACR2
|
| 041 |
0 |
|
|a slo
|
| 043 |
|
|
|a e-ur---
|
| 044 |
|
|
|a xo
|c SK
|
| 072 |
|
7 |
|a 329
|x Politické strany a hnutia
|2 konspekt
|
| 072 |
|
7 |
|a 37.016
|x Učebné osnovy. Vyučovacie predmety. Učebnice
|2 konspekt
|
| 080 |
|
|
|a 329.15(47+57)(091)(041)
|2 1981
|
| 080 |
|
|
|a 947(041)
|2 1981
|
| 080 |
|
|
|a 37:32
|2 2001
|
| 080 |
|
|
|a 32.019.5
|2 2011
|
| 080 |
|
|
|a 338.312
|2 2011
|
| 080 |
|
|
|a 329.1/.6
|2 2011
|
| 080 |
|
|
|a 329.15
|2 2011
|
| 080 |
|
|
|a (47+57)
|2 2011
|
| 080 |
|
|
|a (042.3)
|2 2011
|
| 080 |
|
|
|a (075)
|2 2011
|
| 245 |
0 |
0 |
|a Tézy prednášky na pomoc propagandistom a lektorom pre základné kurzy politického školenia a pre kurzy súčasnej politiky strany
|n 2. téma
|p Cesta sovietskeho ľudu ku komunizmu - inšpirujúci príklad všetkým národom sveta
|b (K štúdiu materiálov XX. sjazdu KSSS)
|
| 246 |
3 |
0 |
|a Cesta sovietskeho ľudu ku komunizmu - inšpirujúci príklad všetkým národom sveta
|
| 260 |
|
|
|a [Bratislava]
|b Oddelenie propagandy a agitácie Ústredného výboru Komunistickej strany Slovenska
|c [1956]
|
| 300 |
|
|
|a 13 strán
|c 23 cm
|
| 366 |
|
|
|e 6000 kusov
|
| 490 |
1 |
|
|a Stranícke školenie v roku 1955-1956
|
| 500 |
|
|
|a Rok vydania prevzatý z tiráže
|
| 504 |
|
|
|a Obsahuje bibliografiu na strane 13
|
| 610 |
2 |
7 |
|a Kommunističeskaja partija Sovetskogo Sojuza.
|b Sjezd
|n (20. :
|d 1956 :
|c Moskva, Rusko)
|2 SNKKA
|9 186353
|
| 650 |
0 |
7 |
|a politické vzdelávanie
|2 SNKPH
|9 69709
|
| 650 |
0 |
7 |
|a propaganda
|2 SNKPH
|9 3961
|
| 650 |
0 |
7 |
|a produktivita práce
|2 SNKPH
|9 2344
|
| 650 |
0 |
7 |
|a politické strany
|2 SNKPH
|9 3589
|
| 650 |
0 |
7 |
|a komunistické strany
|2 SNKPH
|9 3597
|
| 651 |
|
7 |
|a Sovietsky zväz
|2 SNKPHgeo
|9 22126
|
| 655 |
|
7 |
|a prednášky
|2 SNKPH
|9 70554
|
| 655 |
|
7 |
|a učebné texty
|2 SNKPH
|9 70568
|
| 830 |
|
0 |
|a Stranícke školenie v roku 1955-1956
|9 299485
|
| 958 |
|
|
|a RK
|
| 958 |
|
|
|a TL
|
| 958 |
|
|
|a NB
|
| 958 |
|
|
|a RU
|
| 958 |
|
|
|a SP
|
| 999 |
|
|
|c 555444
|d 557374
|
| 952 |
|
|
|a SNK
|b SNK
|y PREZ
|7 0
|p 17A0781012
|o snkSC 7604
|i snkKSP 1389/56
|0 0
|1 0
|4 0
|d 2012-03-05
|f 1
|l 0
|r 2025-07-04 00:00:00
|w 2026-02-23
|
| 952 |
|
|
|t P60, <04>, [BOOK], {604}
|a SNK
|b SNK
|y VYP
|7 0
|p 17A0335981
|o snkSC 7604 D1
|0 0
|1 0
|4 0
|d 2002-03-01
|l 0
|r 2005-01-02 00:00:00
|w 2026-02-23
|